[Event "OP-2015-0-03695"]
[Site "LSS email"]
[Date "2015.04.16"]
[Round "?"]
[White "Philippe, Daniel"]
[Black "Linart, Ludvik"]
[Result "1/2-1/2"]
[WhiteElo "1770"]
[BlackElo "1450"]
[PlyCount "63"]
[EventDate "2015.04.09"]
[EventType "tourn (corr)"]
[EventRounds "4"]
[EventCountry "GER"]
[SourceTitle "Corr 2022"]
[Source "ChessBase"]
[SourceDate "2021.10.24"]
[SourceVersion "1"]
[SourceVersionDate "2021.10.24"]
[SourceQuality "1"]

1. e4 e5 2. Bc4 Nf6 3. d3 Bc5 4. Nf3 d6 5. 0-0 0-0 6. h3 Qe7 7. Nc3 c6 8. Bg5 a5 9. a4 h6 10. Bd2 Rd8 11. Re1 Na6 12. Ne2 d5 13. exd5 cxd5 14. Bb3 e4 15. Nfd4 Nb4 16. Be3 Bd7 17. Ng3 Rac8 18. Ndf5 Bxf5 19. Nxf5 Qc7 20. Bxc5 Qxc5 21. Qd2 Kh8 22. Rac1 Qf8 23. dxe4 Nxe4 24. Qf4 Nc5 25. Rcd1 Ne6 26. Qe5 Nc5 27. Re3 Nxb3 28. cxb3 Nc6 29. Qf4 Kh7 30. Red3 Nb4 31. Rd4 Rc5 32. Qf3 1/2-1/2

[Event "OP-2015-0-03622"]
[Site "LSS email"]
[Date "2015.01.17"]
[Round "?"]
[White "Philippe, Daniel"]
[Black "Guaimare Rodriguez, Carlos Luis"]
[Result "1-0"]
[WhiteElo "1768"]
[BlackElo "1078"]
[PlyCount "27"]
[EventDate "2015.01.12"]
[EventType "tourn (corr)"]
[EventRounds "4"]
[EventCountry "GER"]
[SourceTitle "Corr 2022"]
[Source "ChessBase"]
[SourceDate "2021.10.24"]
[SourceVersion "1"]
[SourceVersionDate "2021.10.24"]
[SourceQuality "1"]

1. d4 d5 2. Nf3 Nf6 3. c4 c6 4. cxd5 cxd5 5. Nc3 Nc6 6. Bf4 a6 7. e3 Bg4 8. h3 Bh5 9. g4 Bg6 10. Qb3 Ra7 11. Ne5 Nxe5 12. dxe5 Ne4 13. Qa4+ Qd7 14. Bb5 1-0

[Event "OP-2015-0-03622"]
[Site "LSS email"]
[Date "2015.01.16"]
[Round "?"]
[White "Pocol, Horacio"]
[Black "Philippe, Daniel"]
[Result "0-1"]
[WhiteElo "1200"]
[BlackElo "1768"]
[PlyCount "46"]
[EventDate "2015.01.12"]
[EventType "tourn (corr)"]
[EventRounds "4"]
[EventCountry "GER"]
[SourceTitle "Corr 2022"]
[Source "ChessBase"]
[SourceDate "2021.10.24"]
[SourceVersion "1"]
[SourceVersionDate "2021.10.24"]
[SourceQuality "1"]

1. Nc3 c5 2. d4 cxd4 3. Qxd4 Nc6 4. Qd2 e6 5. a3 d5 6. Qf4 d4 7. Nb5 Qa5+ 8. Nc3 dxc3 9. b3 e5 10. Qa4 Qxa4 11. bxa4 Nd4 12. Kd1 Bf5 13. Ra2 Rd8 14. Bg5 f6 15. Be3 Nxc2+ 16. Kc1 Nxe3 17. fxe3 Bc5 18. Nf3 Bxe3+ 19. Nd2 Rxd2 20. Rxd2 Bxd2+ 21. Kd1 Be3 22. g4 c2+ 23. Ke1 c1Q# 0-1

[Event "OP-2015-0-03605"]
[Site "LSS email"]
[Date "2015.01.01"]
[Round "?"]
[White "Kadirov, Roman"]
[Black "Philippe, Daniel"]
[Result "1/2-1/2"]
[WhiteElo "800"]
[BlackElo "1757"]
[PlyCount "63"]
[EventDate "2014.12.27"]
[EventType "tourn (corr)"]
[EventRounds "4"]
[EventCountry "GER"]
[SourceTitle "Corr 2022"]
[Source "ChessBase"]
[SourceDate "2021.10.24"]
[SourceVersion "1"]
[SourceVersionDate "2021.10.24"]
[SourceQuality "1"]

1. e4 e5 2. Nf3 Nc6 3. Bb5 a6 4. Ba4 Nf6 5. 0-0 b5 6. Bb3 Bc5 7. Nxe5 Nxe5 8. d4 Bxd4 9. Qxd4 d6 10. f4 c5 11. Qc3 Neg4 12. e5 Ne4 13. Qf3 d5 14. h3 c4 15. hxg4 h5 16. g5 Bg4 17. Qe3 cxb3 18. axb3 h4 19. Nd2 Ng3 20. Rf2 d4 21. Qd3 Qc8 22. Ne4 Nxe4 23. Qxe4 Bf5 24. Qd5 h3 25. Bd2 Ra7 26. Bb4 Rc7 27. Re1 hxg2 28. e6 Rh1+ 29. Kxg2 Rxe1 30. exf7+ Rxf7 31. Bxe1 Re7 32. Qg8+ 1/2-1/2

[Event "OP-2015-0-03605"]
[Site "LSS email"]
[Date "2015.01.01"]
[Round "?"]
[White "Philippe, Daniel"]
[Black "Castignani, Fausto"]
[Result "1/2-1/2"]
[WhiteElo "1757"]
[BlackElo "1725"]
[PlyCount "83"]
[EventDate "2014.12.27"]
[EventType "tourn (corr)"]
[EventRounds "4"]
[EventCountry "GER"]
[SourceTitle "Corr 2022"]
[Source "ChessBase"]
[SourceDate "2021.10.24"]
[SourceVersion "1"]
[SourceVersionDate "2021.10.24"]
[SourceQuality "1"]

1. e4 c5 2. Nf3 Nc6 3. d4 cxd4 4. Nxd4 Nf6 5. Nc3 e5 6. Ndb5 d6 7. Bg5 a6 8. Na3 Be7 9. Nc4 0-0 10. Bxf6 Bxf6 11. Qxd6 Be6 12. Nd5 Bxd5 13. exd5 Ne7 14. Rd1 b5 15. Qxd8 Rfxd8 16. Ne3 e4 17. c3 Bg5 18. c4 bxc4 19. Bxc4 Nc8 20. b3 Nd6 21. 0-0 a5 22. g3 a4 23. h4 Bf6 24. Rc1 g6 25. Rfd1 Be5 26. Kg2 f5 27. bxa4 Rxa4 28. Bb3 Ra7 29. Nc4 Nxc4 30. Rxc4 Kg7 31. Rc6 Rc7 32. Rdc1 Rxc6 33. Rxc6 Rd6 34. Rc7+ Kh6 35. Re7 Bf6 36. Re6 Rxe6 37. dxe6 Bd8 38. a4 Kg7 39. a5 Kf6 40. a6 Bb6 41. Bd5 Bd4 42. Bc4 1/2-1/2

[Event "OP-2014-0-03569"]
[Site "LSS email"]
[Date "2014.11.27"]
[Round "?"]
[White "Ausan, Leo Tito Jr"]
[Black "Philippe, Daniel"]
[Result "0-1"]
[WhiteElo "1148"]
[BlackElo "1428"]
[PlyCount "72"]
[EventDate "2014.11.24"]
[EventType "tourn (corr)"]
[EventRounds "4"]
[EventCountry "GER"]
[SourceTitle "Corr 2015"]
[Source "ChessBase"]
[SourceDate "2015.07.17"]
[SourceVersion "1"]
[SourceVersionDate "2015.07.17"]
[SourceQuality "1"]

1. e4 e5 2. Nf3 Nc6 3. Bb5 a6 4. Ba4 Nf6 5. 0-0 b5 6. Bb3 Be7 7. Re1 d6 8. c3 0-0 9. h3 Na5 10. Bc2 c5 11. d4 Qc7 12. Nbd2 cxd4 13. cxd4 Rd8 14. Nf1 exd4 15. Nxd4 d5 16. e5 Ne4 17. Bf4 Bc5 18. Bxe4 dxe4 19. Rxe4 Bb7 20. e6 Qe7 21. Nf5 Rxd1 22. Nxe7+ Bxe7 23. exf7+ Kf8 24. Rxe7 Rxa1 25. Bd6 Rd1 26. Rd7+ Rxd6 27. Rxd6 Nc4 28. Rd7 Bc8 29. Rc7 Nxb2 30. Nd2 Be6 31. Ne4 Bxf7 32. a3 Nc4 33. Ng5 Bg8 34. a4 b4 35. Nxh7+ Bxh7 36. Rxc4 Rb8 0-1

[Event "OP-2014-0-03487"]
[Site "LSS email"]
[Date "2014.08.30"]
[Round "?"]
[White "Philippe, Daniel"]
[Black "Ederer, Karel"]
[Result "1/2-1/2"]
[WhiteElo "1426"]
[BlackElo "1886"]
[PlyCount "60"]
[EventDate "2014.08.26"]
[EventType "tourn (corr)"]
[EventRounds "4"]
[EventCountry "GER"]
[SourceTitle "Corr 2015"]
[Source "ChessBase"]
[SourceDate "2015.07.17"]
[SourceVersion "1"]
[SourceVersionDate "2015.07.17"]
[SourceQuality "1"]

1. d4 Nf6 2. Nf3 g6 3. Nc3 d5 4. Bg5 Bg7 5. e3 0-0 6. Be2 Bf5 7. 0-0 Nbd7 8. h3 c5 9. a4 h6 10. Bf4 Qb6 11. Qb1 a6 12. Rd1 Rfd8 13. a5 Qc6 14. dxc5 Qxc5 15. Bh2 Rac8 16. Nd4 Ne4 17. Nxf5 gxf5 18. Nxd5 e6 19. Nf4 Qxc2 20. Qxc2 Rxc2 21. Rab1 Be5 22. Bd3 Rcc8 23. Bxe4 fxe4 24. b4 Bg7 25. Ne2 Kh7 26. Rd6 Bf8 27. Rd4 Nf6 28. Rxd8 Rxd8 29. Be5 Nd5 30. b5 Kg6 1/2-1/2

[Event "OP-2014-0-03487"]
[Site "LSS email"]
[Date "2014.08.30"]
[Round "?"]
[White "Philippe, Daniel"]
[Black "Perez Garcia, Miguel"]
[Result "1-0"]
[WhiteElo "1426"]
[BlackElo "1360"]
[PlyCount "77"]
[EventDate "2014.08.26"]
[EventType "tourn (corr)"]
[EventRounds "4"]
[EventCountry "GER"]
[SourceTitle "Corr 2015"]
[Source "ChessBase"]
[SourceDate "2015.07.17"]
[SourceVersion "1"]
[SourceVersionDate "2015.07.17"]
[SourceQuality "1"]

1. e4 c5 2. Nf3 Nc6 3. Nc3 e6 4. d4 cxd4 5. Nxd4 Qc7 6. a3 a6 7. Be2 Nf6 8. 0-0 Be7 9. Nf3 0-0 10. Re1 Bc5 11. h3 Qg3 12. Rf1 d5 13. Bd3 Qc7 14. exd5 Nxd5 15. Nxd5 exd5 16. Re1 h6 17. Be3 d4 18. Bd2 Bd7 19. Qc1 Rfe8 20. Rxe8+ Rxe8 21. Bxh6 Bd6 22. Bd2 Ne5 23. Nxe5 Rxe5 24. Bf4 Re8 25. Bxd6 Qxd6 26. Qd2 Qb6 27. b4 Qe6 28. Qf4 Qd5 29. Rd1 Bc6 30. f3 g5 31. Qg3 f6 32. h4 Re3 33. Kf2 Re5 34. hxg5 Rxg5 35. Qh3 Kf8 36. Re1 Bd7 37. Qh8+ Kf7 38. Qh7+ Rg7 39. Bg6+ 1-0

[Event "OP-2014-0-03419"]
[Site "LSS email"]
[Date "2014.06.14"]
[Round "?"]
[White "Cvak, Rudolf"]
[Black "Philippe, Daniel"]
[Result "1/2-1/2"]
[WhiteElo "1607"]
[BlackElo "1426"]
[PlyCount "25"]
[EventDate "2014.06.05"]
[EventType "tourn (corr)"]
[EventRounds "4"]
[EventCountry "GER"]
[SourceTitle "Corr 2015"]
[Source "ChessBase"]
[SourceDate "2015.07.17"]
[SourceVersion "1"]
[SourceVersionDate "2015.07.17"]
[SourceQuality "1"]

1. e4 e6 2. d4 d5 3. Nc3 Bb4 4. e5 c5 5. a3 cxd4 6. axb4 dxc3 7. Qg4 cxb2 8. Bxb2 Qe7 9. Nf3 Nh6 10. Qf4 0-0 11. Bd3 Re8 12. 0-0 Na6 13. b5 1/2-1/2

[Event "OP-2014-0-03419"]
[Site "LSS email"]
[Date "2014.06.14"]
[Round "?"]
[White "Plutarco, Fosca"]
[Black "Philippe, Daniel"]
[Result "0-1"]
[WhiteElo "800"]
[BlackElo "1426"]
[PlyCount "98"]
[EventDate "2014.06.05"]
[EventType "tourn (corr)"]
[EventRounds "4"]
[EventCountry "GER"]
[SourceTitle "Corr 2015"]
[Source "ChessBase"]
[SourceDate "2015.07.17"]
[SourceVersion "1"]
[SourceVersionDate "2015.07.17"]
[SourceQuality "1"]

1. d4 Nf6 2. c4 e6 3. Nf3 b6 4. g3 Bb7 5. Bg2 Bb4+ 6. Bd2 Bxd2+ 7. Qxd2 0-0 8. 0-0 d5 9. Ne5 Nbd7 10. Rc1 Ne4 11. Qf4 g5 12. Qf3 Nxe5 13. dxe5 f5 14. exf6 Rxf6 15. Qh5 Rf5 16. Bxe4 dxe4 17. e3 Qf6 18. Rc2 Rf8 19. Qe2 Rf3 20. Nc3 a6 21. Rd1 Bc6 22. Qf1 h5 23. b4 h4 24. b5 axb5 25. cxb5 Bb7 26. Qe1 hxg3 27. hxg3 Rf7 28. Rd4 Kg7 29. Rdd2 Kg6 30. Qd1 Rh7 31. Rd8 Kf5 32. Rd7 Rh3 33. Qf1 Rhxg3+ 34. fxg3 Rxf1+ 35. Kxf1 Qe5 36. Kg2 Kg4 37. Nd1 Qxg3+ 38. Kf1 Qh3+ 39. Rg2+ Kf5 40. Rxc7 Bd5 41. Rcc2 Qh5 42. Rgf2+ Ke5 43. Ke1 Qh1+ 44. Kd2 g4 45. Kc1 g3 46. Rg2 Qe1 47. Rc3 Kf5 48. Rcc2 Kg4 49. Rc7 Kh3 0-1

[Event "OP-2014-0-03398"]
[Site "LSS email"]
[Date "2014.05.14"]
[Round "?"]
[White "Corte, Fernando"]
[Black "Philippe, Daniel"]
[Result "0-1"]
[WhiteElo "800"]
[BlackElo "1674"]
[PlyCount "50"]
[EventDate "2014.05.06"]
[EventType "tourn (corr)"]
[EventRounds "4"]
[EventCountry "GER"]
[SourceTitle "Corr 2022"]
[Source "ChessBase"]
[SourceDate "2021.10.24"]
[SourceVersion "1"]
[SourceVersionDate "2021.10.24"]
[SourceQuality "1"]

1. d4 Nf6 2. Bg5 e6 3. e4 Be7 4. e5 Ne4 5. Be3 f5 6. f3 Ng5 7. Nc3 0-0 8. Qd2 d5 9. Nge2 b6 10. h4 Nf7 11. h5 c5 12. h6 g6 13. 0-0-0 Nc6 14. f4 c4 15. g3 b5 16. Nxb5 Rb8 17. Nbc3 Qa5 18. Qe1 Bd7 19. Bg2 Nb4 20. a3 Nxc2 21. Kxc2 Rxb2+ 22. Kxb2 Qxa3+ 23. Kc2 Qb3+ 24. Kc1 Ba3+ 25. Kd2 Qb2# 0-1

[Event "OP-2014-0-03251"]
[Site "LSS email"]
[Date "2014.01.22"]
[Round "?"]
[White "Korinek, Jaroslav"]
[Black "Philippe, Daniel"]
[Result "1/2-1/2"]
[WhiteElo "1662"]
[BlackElo "1279"]
[PlyCount "74"]
[EventDate "2014.01.19"]
[EventType "tourn (corr)"]
[EventRounds "4"]
[EventCountry "GER"]
[SourceTitle "Telechess CBM 167"]
[Source "ChessBase"]
[SourceDate "2015.07.13"]
[SourceVersion "1"]
[SourceVersionDate "2015.07.13"]
[SourceQuality "1"]

1. e4 e6 2. d4 d5 3. Nc3 dxe4 4. Nxe4 Nd7 5. Nf3 Ngf6 6. Bd3 c5 7. Nxf6+ Nxf6 8. Be3 Qc7 9. Ne5 Bd6 10. Bb5+ Kf8 11. Qe2 Nd5 12. 0-0 a6 13. Bd3 f6 14. Nf3 cxd4 15. Bxd4 e5 16. Be3 Nxe3 17. Qxe3 Bc5 18. Qd2 Be6 19. a3 Rd8 20. b4 Ba7 21. Rfe1 h5 22. Qe2 h4 23. Rad1 b5 24. Be4 h3 25. Rxd8+ Qxd8 26. Rd1 Qb6 27. g3 Ke7 28. Nh4 Rd8 29. Rd2 Rxd2 30. Qxd2 Qc7 31. Qd3 Qd7 32. Qxd7+ Kxd7 33. c3 Kc7 34. Bg6 Bd5 35. Kf1 Bb6 36. Ke2 Kd7 37. Bf5+ Be6 1/2-1/2

[Event "OP-2014-0-03251"]
[Site "LSS email"]
[Date "2014.01.22"]
[Round "?"]
[White "Philippe, Daniel"]
[Black "Vontina, Maria"]
[Result "1-0"]
[WhiteElo "1279"]
[BlackElo "717"]
[PlyCount "53"]
[EventDate "2014.01.19"]
[EventType "tourn (corr)"]
[EventRounds "4"]
[EventCountry "GER"]
[SourceTitle "Telechess CBM 167"]
[Source "ChessBase"]
[SourceDate "2015.07.13"]
[SourceVersion "1"]
[SourceVersionDate "2015.07.13"]
[SourceQuality "1"]

1. Nf3 Nf6 2. d4 d5 3. e3 g6 4. c4 Bg7 5. Nc3 c6 6. Be2 0-0 7. 0-0 Bg4 8. cxd5 Nxd5 9. h3 Bc8 10. e4 Nb6 11. Bf4 N8d7 12. Rc1 Nf6 13. Qc2 Nh5 14. Be3 Nf6 15. Rfd1 h6 16. a4 Kh7 17. d5 cxd5 18. a5 Nbd7 19. e5 Ne8 20. Nxd5 Qxa5 21. Nxe7 Bxe5 22. Rd5 Qd8 23. Nxg6 fxg6 24. Nxe5 Nef6 25. Qxg6+ Kh8 26. Qxh6+ Kg8 27. Bc4 1-0

[Event "OP-2013-0-03201"]
[Site "LSS email"]
[Date "2013.12.27"]
[Round "?"]
[White "Molina, Vicente Andres"]
[Black "Philippe, Daniel"]
[Result "0-1"]
[WhiteElo "838"]
[BlackElo "1279"]
[PlyCount "36"]
[EventDate "2013.12.25"]
[EventType "tourn (corr)"]
[EventRounds "4"]
[EventCountry "GER"]
[SourceTitle "Telechess CBM 167"]
[Source "ChessBase"]
[SourceDate "2015.07.13"]
[SourceVersion "1"]
[SourceVersionDate "2015.07.13"]
[SourceQuality "1"]

1. c4 e5 2. Nc3 Nf6 3. g3 Bc5 4. e3 d5 5. cxd5 Nxd5 6. Bg2 Nb4 7. d4 exd4 8. exd4 Bxd4 9. Nge2 Bxc3+ 10. Nxc3 Qxd1+ 11. Kxd1 Bg4+ 12. f3 Be6 13. Re1 N8c6 14. Bf4 0-0-0+ 15. Ke2 Nd3 16. Red1 Bc4 17. Bh3+ Kb8 18. Bg5 Nf4+ 0-1

[Event "OP-2013-0-03201"]
[Site "LSS email"]
[Date "2013.12.27"]
[Round "?"]
[White "Philippe, Daniel"]
[Black "Lenz, Juergen"]
[Result "1-0"]
[WhiteElo "1279"]
[BlackElo "1003"]
[PlyCount "57"]
[EventDate "2013.12.25"]
[EventType "tourn (corr)"]
[EventRounds "4"]
[EventCountry "GER"]
[SourceTitle "Telechess CBM 167"]
[Source "ChessBase"]
[SourceDate "2015.07.13"]
[SourceVersion "1"]
[SourceVersionDate "2015.07.13"]
[SourceQuality "1"]

1. e4 Nf6 2. e5 Nd5 3. d4 d6 4. c4 Nb6 5. Nf3 g6 6. Nc3 Bg7 7. Be3 0-0 8. c5 N6d7 9. cxd6 cxd6 10. exd6 exd6 11. Be2 Nc6 12. 0-0 Nb6 13. d5 Ne7 14. Bd4 Nf5 15. Bxg7 Kxg7 16. Re1 Bd7 17. a4 Qf6 18. a5 Nc8 19. Qb3 Rb8 20. Ne4 Qd8 21. g4 Nh6 22. g5 Ng4 23. Qc3+ f6 24. Nd4 Kg8 25. Bxg4 Bxg4 26. Nxf6+ Rxf6 27. gxf6 Kf7 28. Ne6 Qd7 29. Ng5+ 1-0

[Event "OP-2013-0-03114"]
[Site "LSS email"]
[Date "2013.11.12"]
[Round "?"]
[White "Philippe, Daniel"]
[Black "Mori, Roberto"]
[Result "1-0"]
[WhiteElo "1230"]
[BlackElo "680"]
[PlyCount "71"]
[EventDate "2013.11.10"]
[EventType "tourn (corr)"]
[EventRounds "4"]
[EventCountry "GER"]
[SourceTitle "Telechess CBM 163"]
[Source "ChessBase"]
[SourceDate "2014.11.11"]
[SourceVersion "2"]
[SourceVersionDate "2014.11.11"]
[SourceQuality "1"]

1. d4 d5 2. c4 dxc4 3. e4 Nf6 4. e5 Nd5 5. Bxc4 e6 6. Nf3 Bb4+ 7. Bd2 Bxd2+ 8. Qxd2 h6 9. Nc3 Nxc3 10. bxc3 0-0 11. 0-0 Nc6 12. Bd3 a6 13. Qf4 Ne7 14. Rfb1 Nd5 15. Qe4 g6 16. Rb3 Rb8 17. h4 Ne7 18. h5 Nf5 19. Bxa6 gxh5 20. Bd3 b6 21. Qf4 Bb7 22. Bxf5 Kg7 23. Bc2 Bxf3 24. Qxf3 Qg5 25. Ra3 Rbd8 26. Ra7 c5 27. Rd1 cxd4 28. cxd4 Rc8 29. Bb3 Rcd8 30. Bxe6 Qg6 31. Bd5 Rb8 32. Rc1 Rbd8 33. Rc6 Qg4 34. Rxf7+ Rxf7 35. Qxf7+ Kh8 36. Rxh6# 1-0

[Event "OP-2013-0-03060"]
[Site "LSS email"]
[Date "2013.10.15"]
[Round "?"]
[White "Philippe, Daniel"]
[Black "Lenz, Juergen"]
[Result "1-0"]
[WhiteElo "1230"]
[BlackElo "1016"]
[PlyCount "83"]
[EventDate "2013.10.12"]
[EventType "tourn (corr)"]
[EventRounds "4"]
[EventCountry "GER"]
[SourceTitle "Telechess CBM 163"]
[Source "ChessBase"]
[SourceDate "2014.11.11"]
[SourceVersion "2"]
[SourceVersionDate "2014.11.11"]
[SourceQuality "1"]

1. e4 Nf6 2. e5 Nd5 3. c4 Nb6 4. Nf3 d6 5. d4 Bg4 6. exd6 exd6 7. Be3 Be7 8. h3 Bh5 9. Be2 0-0 10. Nc3 N8d7 11. b3 Nf6 12. 0-0 Bg6 13. Bd3 Re8 14. Re1 Bf8 15. Bxg6 hxg6 16. d5 Nbd7 17. Qd2 Ne5 18. Nd4 a5 19. Bg5 Ned7 20. Rxe8 Qxe8 21. Re1 Qc8 22. Qf4 Nh7 23. Bh4 Ne5 24. Qe3 g5 25. Bxg5 Nxg5 26. Qxg5 Qd7 27. Qe3 Ng6 28. f4 c6 29. g4 c5 30. Nf5 Qd8 31. Kf2 Nh4 32. Ne7+ Bxe7 33. Qxe7 Ng6 34. Qxd8+ Rxd8 35. Kg3 Kf8 36. h4 Re8 37. Rxe8+ Kxe8 38. Ne4 Ke7 39. h5 Nf8 40. g5 Nh7 41. Kg4 b6 42. h6 1-0

[Event "OP-2013-0-02994"]
[Site "LSS email"]
[Date "2013.09.11"]
[Round "?"]
[White "Vontina, Maria"]
[Black "Philippe, Daniel"]
[Result "0-1"]
[WhiteElo "746"]
[BlackElo "800"]
[PlyCount "40"]
[EventDate "2013.09.09"]
[EventType "tourn (corr)"]
[EventRounds "4"]
[EventCountry "GER"]
[SourceTitle "Corr 2022"]
[Source "ChessBase"]
[SourceDate "2021.10.24"]
[SourceVersion "1"]
[SourceVersionDate "2021.10.24"]
[SourceQuality "1"]

1. e4 e5 2. Nf3 Nc6 3. Bb5 Bc5 4. Nc3 d6 5. h3 Bd7 6. 0-0 Nf6 7. d3 0-0 8. Bg5 h6 9. Bh4 a6 10. Ba4 b5 11. Bb3 Nd4 12. Nd5 g5 13. Bg3 Nxb3 14. axb3 Nxd5 15. exd5 f5 16. c3 Bb6 17. b4 f4 18. Bh2 h5 19. Ne1 g4 20. hxg4 hxg4 0-1